<?xml version="1.0" encoding="UTF-8"?>
<record
    xmlns:xsi="http://www.w3.org/2001/XMLSchema-instance"
    xsi:schemaLocation="http://www.loc.gov/MARC21/slim http://www.loc.gov/standards/marcxml/schema/MARC21slim.xsd"
    xmlns="http://www.loc.gov/MARC21/slim">

  <leader>02275nam a2200445 a 4500</leader>
  <controlfield tag="001">Z_5413</controlfield>
  <controlfield tag="003">CHAP</controlfield>
  <controlfield tag="005">20250619142452.0</controlfield>
  <controlfield tag="007">ta</controlfield>
  <controlfield tag="008">220113s2005    mx a   frf    001 0 spa d</controlfield>
  <datafield tag="010" ind1=" " ind2=" ">
    <subfield code="a">168483</subfield>
  </datafield>
  <datafield tag="020" ind1=" " ind2=" ">
    <subfield code="a">968-24-0521-1</subfield>
  </datafield>
  <datafield tag="020" ind1=" " ind2=" ">
    <subfield code="a">978-968-24-0521-1</subfield>
  </datafield>
  <datafield tag="040" ind1=" " ind2=" ">
    <subfield code="a">Z</subfield>
    <subfield code="c">CHAP</subfield>
    <subfield code="e">rda</subfield>
  </datafield>
  <datafield tag="041" ind1="0" ind2=" ">
    <subfield code="b">Espa&#xF1;ol</subfield>
    <subfield code="f">Espa&#xF1;ol</subfield>
  </datafield>
  <datafield tag="082" ind1=" " ind2=" ">
    <subfield code="a">636.213</subfield>
    <subfield code="b">L47 2005</subfield>
    <subfield code="2">20</subfield>
  </datafield>
  <datafield tag="100" ind1="0" ind2=" ">
    <subfield code="a">Lesur, Luis</subfield>
    <subfield code="e">autor</subfield>
    <subfield code="9">66363</subfield>
  </datafield>
  <datafield tag="245" ind1=" " ind2=" ">
    <subfield code="a">Manual del ganado bovino para carne : </subfield>
    <subfield code="b">una gu&#xED;a paso a paso /</subfield>
    <subfield code="c">Luis Lesur</subfield>
  </datafield>
  <datafield tag="250" ind1=" " ind2=" ">
    <subfield code="a">Primera edici&#xF3;n</subfield>
    <subfield code="b">(reimpresi&#xF3;n 2017)</subfield>
  </datafield>
  <datafield tag="264" ind1=" " ind2="1">
    <subfield code="a">M&#xE9;xico, D. F.  :</subfield>
    <subfield code="b">Trillas,</subfield>
    <subfield code="c">2005</subfield>
  </datafield>
  <datafield tag="300" ind1=" " ind2=" ">
    <subfield code="a">80 p&#xE1;ginas :</subfield>
    <subfield code="b">ilustraciones</subfield>
  </datafield>
  <datafield tag="336" ind1=" " ind2=" ">
    <subfield code="2">rdacontent</subfield>
    <subfield code="a">texto</subfield>
    <subfield code="b">txt</subfield>
  </datafield>
  <datafield tag="337" ind1=" " ind2=" ">
    <subfield code="2">rdamedia</subfield>
    <subfield code="a">sin medio</subfield>
    <subfield code="b">n </subfield>
  </datafield>
  <datafield tag="338" ind1=" " ind2=" ">
    <subfield code="2">rdacarrier</subfield>
    <subfield code="a">volumen</subfield>
    <subfield code="b">nc</subfield>
  </datafield>
  <datafield tag="490" ind1="1" ind2=" ">
    <subfield code="a">C&#xF3;mo hacer bien y f&#xE1;cilmente (Trillas)</subfield>
  </datafield>
  <datafield tag="500" ind1=" " ind2=" ">
    <subfield code="a">ej.1: C/E \ ej.2 - ej.3: S/N (sin sellos)</subfield>
  </datafield>
  <datafield tag="505" ind1="0" ind2=" ">
    <subfield code="a">Introducci&#xF3;n -- 1. Razas de ganado de carne -- 2. Selecci&#xF3;n del pie de cr&#xED;a inicial -- 3. Mejoramiento del pie de cr&#xED;a existente -- 4. Reproducci&#xF3;n -- 5. Alimentaci&#xF3;n -- 6. Salud -- 7. Manejo -- 8. Instalaciones.</subfield>
  </datafield>
  <datafield tag="520" ind1=" " ind2=" ">
    <subfield code="a">La producci&#xF3;n de ganado bovino, tambi&#xE9;n llamado vacuno para carne es una de los actividades ganaderas m&#xE1;s importantes, porque esta carne tiene gran demanda en la mayor&#xED;a de los pa&#xED;ses del mundo. Hay varios sistemas de producci&#xF3;n comercial de ganado para carne; uno puede ser exclusivamente la cr&#xED;a de becerros y otro los ranchos de engorda, o bien los dos sistemas integrados. los conocimientos que se requieren para esta actividad son muy variados, y del adecuado domino de  todos ellos depende el &#xE9;xito que se obtenga. El presente manual describe, paso a paso, los elementos que usted requiere tomar en consideraci&#xF3;n para iniciar en la producci&#xF3;n de carne con ganado bovino.</subfield>
  </datafield>
  <datafield tag="650" ind1="1" ind2="3">
    <subfield code="a">Ganado de carne </subfield>
    <subfield code="9">45067</subfield>
  </datafield>
  <datafield tag="650" ind1="1" ind2="3">
    <subfield code="a">Ganado bovino</subfield>
    <subfield code="9">138033</subfield>
  </datafield>
  <datafield tag="650" ind1="1" ind2="3">
    <subfield code="a">Producci&#xF3;n de ganado bovino  </subfield>
    <subfield code="9">157758</subfield>
  </datafield>
  <datafield tag="650" ind1=" " ind2=" ">
    <subfield code="a">Ganado de carne</subfield>
    <subfield code="x">Alimentaci&#xF3;n</subfield>
    <subfield code="9">45068</subfield>
  </datafield>
  <datafield tag="650" ind1=" " ind2=" ">
    <subfield code="a">Ganado de carne</subfield>
    <subfield code="x">Reproducci&#xF3;n  </subfield>
    <subfield code="9">45108</subfield>
  </datafield>
  <datafield tag="650" ind1="1" ind2="3">
    <subfield code="a">Razas de ganado</subfield>
    <subfield code="9">139924</subfield>
  </datafield>
  <datafield tag="830" ind1=" " ind2="0">
    <subfield code="a">C&#xF3;mo hacer bien y f&#xE1;cilmente (Trillas)</subfield>
    <subfield code="9">188883</subfield>
  </datafield>
  <datafield tag="901" ind1=" " ind2=" ">
    <subfield code="a">636.213 L4</subfield>
  </datafield>
  <datafield tag="902" ind1=" " ind2=" ">
    <subfield code="a">M</subfield>
  </datafield>
  <datafield tag="910" ind1=" " ind2=" ">
    <subfield code="a">2005</subfield>
  </datafield>
  <datafield tag="942" ind1=" " ind2=" ">
    <subfield code="c">LIBRO</subfield>
    <subfield code="2">ddc</subfield>
  </datafield>
  <datafield tag="999" ind1=" " ind2=" ">
    <subfield code="c">168483</subfield>
    <subfield code="d">168483</subfield>
  </datafield>
  <datafield tag="952" ind1=" " ind2=" ">
    <subfield code="0">0</subfield>
    <subfield code="1">0</subfield>
    <subfield code="2">ddc</subfield>
    <subfield code="4">0</subfield>
    <subfield code="5">1</subfield>
    <subfield code="7">0</subfield>
    <subfield code="8">GRAL</subfield>
    <subfield code="a">Z</subfield>
    <subfield code="b">Z</subfield>
    <subfield code="d">2005-06-20</subfield>
    <subfield code="e">Compra</subfield>
    <subfield code="i">C/E</subfield>
    <subfield code="l">1</subfield>
    <subfield code="o">636.213 L47 2005</subfield>
    <subfield code="p">5102005256</subfield>
    <subfield code="r">2024-11-06 18:03:12</subfield>
    <subfield code="s">2024-11-06</subfield>
    <subfield code="t">Ej.1</subfield>
    <subfield code="w">2022-01-18</subfield>
    <subfield code="y">LIBRO</subfield>
  </datafield>
  <datafield tag="952" ind1=" " ind2=" ">
    <subfield code="0">0</subfield>
    <subfield code="1">0</subfield>
    <subfield code="2">ddc</subfield>
    <subfield code="4">0</subfield>
    <subfield code="5">1</subfield>
    <subfield code="7">0</subfield>
    <subfield code="8">GRAL</subfield>
    <subfield code="a">Z</subfield>
    <subfield code="b">Z</subfield>
    <subfield code="d">2020-12-10</subfield>
    <subfield code="e">Compra Directa Factura No. BF7ADFFB651D</subfield>
    <subfield code="i">S/N</subfield>
    <subfield code="l">0</subfield>
    <subfield code="o">636.213 L47 2005</subfield>
    <subfield code="p">5102007563</subfield>
    <subfield code="r">2025-03-28 17:35:39</subfield>
    <subfield code="t">Ej.2</subfield>
    <subfield code="w">2025-03-28</subfield>
    <subfield code="y">LIBRO</subfield>
  </datafield>
  <datafield tag="952" ind1=" " ind2=" ">
    <subfield code="0">0</subfield>
    <subfield code="1">0</subfield>
    <subfield code="2">ddc</subfield>
    <subfield code="4">0</subfield>
    <subfield code="5">1</subfield>
    <subfield code="7">0</subfield>
    <subfield code="8">GRAL</subfield>
    <subfield code="a">Z</subfield>
    <subfield code="b">Z</subfield>
    <subfield code="d">2020-12-10</subfield>
    <subfield code="e">Compra Directa Factura No. BF7ADFFB651D</subfield>
    <subfield code="i">S/N</subfield>
    <subfield code="l">0</subfield>
    <subfield code="o">636.213 L47 2005</subfield>
    <subfield code="p">5102007564</subfield>
    <subfield code="r">2025-05-21 12:56:59</subfield>
    <subfield code="t">Ej.3</subfield>
    <subfield code="w">2025-03-28</subfield>
    <subfield code="y">LIBRO</subfield>
  </datafield>
</record>
